<?xml version="1.0" encoding="UTF-8"?>
<record
    xmlns:xsi="http://www.w3.org/2001/XMLSchema-instance"
    xsi:schemaLocation="http://www.loc.gov/MARC21/slim http://www.loc.gov/standards/marcxml/schema/MARC21slim.xsd"
    xmlns="http://www.loc.gov/MARC21/slim">

  <leader>01252nam a2200277 i 4500</leader>
  <controlfield tag="001">67454</controlfield>
  <controlfield tag="003">ES-MaACL</controlfield>
  <controlfield tag="005">20230906170056.0</controlfield>
  <controlfield tag="007">t|</controlfield>
  <controlfield tag="008">040526s2003    sp           ||||0| spa d</controlfield>
  <datafield tag="020" ind1=" " ind2=" ">
    <subfield code="a">84-7786-852-2</subfield>
  </datafield>
  <datafield tag="040" ind1=" " ind2=" ">
    <subfield code="a">M-BN </subfield>
    <subfield code="b">spa </subfield>
    <subfield code="c">M-BN</subfield>
  </datafield>
  <datafield tag="080" ind1=" " ind2=" ">
    <subfield code="a">929 Larrea, Francisca de (063)</subfield>
  </datafield>
  <datafield tag="080" ind1=" " ind2=" ">
    <subfield code="a">821.134.2 Larrea, Francisca de 1.07(063)</subfield>
  </datafield>
  <datafield tag="080" ind1=" " ind2=" ">
    <subfield code="a">821.134.2.09"18"(063)</subfield>
  </datafield>
  <datafield tag="245" ind1="0" ind2="0">
    <subfield code="a">Frasquita Larrea y Aher&#xE1;n: europeas y espa&#xF1;olas entre la Ilustraci&#xF3;n y el Romanticismo / </subfield>
    <subfield code="c">Gloria Espigado Tocino y Mar&#xED;a Jos&#xE9; de la Pascua S&#xE1;nchez (eds.).</subfield>
  </datafield>
  <datafield tag="260" ind1=" " ind2=" ">
    <subfield code="a">[C&#xE1;diz] : </subfield>
    <subfield code="b">Servicio de Publicaciones de la Universidad de C&#xE1;diz ;</subfield>
    <subfield code="a">[El Puerto de Santa Mar&#xED;a] : </subfield>
    <subfield code="b">Ayuntamiento de El Puerto de Santa Mar&#xED;a,</subfield>
    <subfield code="c">2003.</subfield>
  </datafield>
  <datafield tag="300" ind1=" " ind2=" ">
    <subfield code="a">412 p. : </subfield>
    <subfield code="b">il. ; </subfield>
    <subfield code="c">24 cm.</subfield>
  </datafield>
  <datafield tag="500" ind1=" " ind2=" ">
    <subfield code="a">Recoge las ponencias del congreso celebrado los d&#xED;as, 23, 24 y 25 de noviembre de 2000.</subfield>
  </datafield>
  <datafield tag="504" ind1=" " ind2=" ">
    <subfield code="a">Incluye referencias bibliogr&#xE1;ficas.</subfield>
  </datafield>
  <datafield tag="600" ind1="1" ind2="4">
    <subfield code="a">Larrea, Francisca de-</subfield>
    <subfield code="v">Congresos y asambleas.</subfield>
    <subfield code="9">70332</subfield>
  </datafield>
  <datafield tag="650" ind1="1" ind2="4">
    <subfield code="a">Literatura espa&#xF1;ola-</subfield>
    <subfield code="x">Autoras-</subfield>
    <subfield code="y">S.XIX-</subfield>
    <subfield code="v">Congresos y asambleas.</subfield>
    <subfield code="9">14544</subfield>
  </datafield>
  <datafield tag="700" ind1="1" ind2=" ">
    <subfield code="a">Espigado Tocino, Gloria.</subfield>
    <subfield code="9">47822</subfield>
  </datafield>
  <datafield tag="700" ind1="1" ind2=" ">
    <subfield code="a">Pascua S&#xE1;nchez, Mar&#xED;a Jos&#xE9; de la.</subfield>
    <subfield code="9">89337</subfield>
  </datafield>
  <datafield tag="852" ind1=" " ind2=" ">
    <subfield code="a">ES-MaACL</subfield>
    <subfield code="j">L-27641 </subfield>
    <subfield code="b">R.133340</subfield>
  </datafield>
  <datafield tag="999" ind1=" " ind2=" ">
    <subfield code="c">67454</subfield>
    <subfield code="d">67454</subfield>
  </datafield>
  <datafield tag="952" ind1=" " ind2=" ">
    <subfield code="0">0</subfield>
    <subfield code="1">0</subfield>
    <subfield code="4">0</subfield>
    <subfield code="7">0</subfield>
    <subfield code="a">ATENEOM</subfield>
    <subfield code="b">ATENEOM</subfield>
    <subfield code="c">DEPO2</subfield>
    <subfield code="d">2008-01-17</subfield>
    <subfield code="e">SC</subfield>
    <subfield code="l">0</subfield>
    <subfield code="o">L-27641</subfield>
    <subfield code="p">1070635</subfield>
    <subfield code="r">2023-02-23 00:00:00</subfield>
    <subfield code="w">2023-02-23</subfield>
    <subfield code="y">MONOGRAFIA</subfield>
  </datafield>
</record>
